Rozvoj ľudského činiteľa Aktuálne údaje OSN aplikované na Slovenskú republiku
Štruktúra a metodológia tvorby indexu HDI (Human Development Index), ktorý je po prvý raz vypočítaný zo zdrojov Štatistického úradu SR. Vydávanie správ UNDP (United National Development Program), ktoré sa venujú celosvetovým problémom týkajúcich sa rozvoja ľudského činiteľa. Postavenie žien. Index ľ...
Na minha lista:
| Autor principal: | |
|---|---|
| Outros Autores: | |
| Formato: | Capítulo de Livro |
| Idioma: | eslovaco |
| Assuntos: | |
| Tags: |
Sem tags, seja o primeiro a adicionar uma tag!
|
MARC
| LEADER | 00000naa a2200000 4500 | ||
|---|---|---|---|
| 001 | r021397 | ||
| 005 | 20230801105443.6 | ||
| 041 | 0 | |a slo | |
| 044 | |a SK | ||
| 245 | 1 | 0 | |a Rozvoj ľudského činiteľa |b Aktuálne údaje OSN aplikované na Slovenskú republiku |c M. Olexa, E. Plačintár |
| 520 | |a Štruktúra a metodológia tvorby indexu HDI (Human Development Index), ktorý je po prvý raz vypočítaný zo zdrojov Štatistického úradu SR. Vydávanie správ UNDP (United National Development Program), ktoré sa venujú celosvetovým problémom týkajúcich sa rozvoja ľudského činiteľa. Postavenie žien. Index ľudského činiteľa. Index rozvoja ľudského činiteľa. Výpočty hlavných komponentov HDI. Prepočítaný index HNP na obyvateľa s prihliadnutím na paritu kúpnej sily - GDP per capita. Postavenie Slovenska v indexe vzdelanosti medzi niektorými krajinami sveta. | ||
| 610 | 2 | 0 | |a index rozvoja ľudského |
| 610 | 2 | 0 | |a činiteľ ľudský |
| 610 | 2 | 0 | |a indexy |
| 610 | 2 | 0 | |a metodika |
| 610 | 2 | 0 | |a vzorce |
| 610 | 2 | 0 | |a Štatistický úrad SR Bratislava |
| 610 | 2 | 0 | |a vzdelanosť |
| 610 | 2 | 0 | |a vzdelanie |
| 610 | 2 | 0 | |a ženy |
| 610 | 2 | 0 | |a muži |
| 610 | 2 | 0 | |a štýl životný |
| 610 | 2 | 0 | |a Slovensko |
| 610 | 2 | 0 | |a krajiny vyspelé |
| 100 | 1 | |a Olexa, Milan | |
| 700 | 1 | |a Plačintár, E. | |